Statistics for Top 20 Southampton Goalscorers in the Premier League

Click here to take the quiz!

General Stats

  • This quiz has been taken 11 times
  • The average score is 7 of 20

Answer Stats

NPlayersNationalityGoals% Correct
1Matt Le TissierEnglish101
100%
13Sadio ManéSenegalese21
78%
11Graziano PelléItalian23
67%
10Ché AdamsScottish25
56%
3James Ward-ProwseEnglish49
56%
18Stuart ArmstrongScottish16
56%
16Dusan TadicSerbian20
44%
2James BeattieEnglish68
44%
4Marians PaharsLatvian42
44%
7Rickie LambertEnglish28
44%
5Danny IngsEnglish41
33%
12Kevin PhillipsEnglish22
33%
7Shane LongIrish28
33%
18Charlie AustinEnglish16
22%
20Hassan KachloulMoroccan14
11%
13Nathan RedmondEnglish21
11%
6Egil OstenstadNorwegian29
0%
13Iain DowieEnglish21
0%
9Jay RodriguezEnglish26
0%
17Neil MaddisonEnglish17
0%

Score Distribution

Percentile by Number Answered

Percent of People with Each Score

Your Score History

You have not taken this quiz